000 00915nas a2200289 4500
001 BR0000615
003 BR-BrBNA
005 20231205101652.0
007 ta
008 230509b bl.|||p| |||| 00| 00por d
040 _aBR-BrBNA
_bpor
_cBiblioteca Nacional de Agricultura
041 _a(Pt)
072 _aH10
100 1 _aSossai, M.F.
100 1 _aZanuncio, J.C.
100 1 _aTeixeira, C.A.D.
100 1 _aSantos, G.P.
245 1 _aAspectos biologicos das fases de pre-pupa, pupa e adulto da lagarta-rosca Nomophila sp. (Lepidoptera: Pyralidae)em mudas de Eucalyptus grandis W. Hill ex Maiden (Myrtaceae)
650 _aEucalipto
650 _aMuda
650 _aLagarta Rosca
650 _aBiologia
650 _aPupa
773 0 _tRevista Arvore (Brazil)
_xISSN 0100-6762
_g(Apr-Jun 1999), v. 23(2) p. 197-201
_wBR0000615
909 _a202311
_bLúcia
_c55
_dLúcia Elande
942 _2AGRIS
_n0
_cANA
999 _c163153
_d163153